MDQL
is popping MORE tags! Check the
thread
!
Quizzes
Events
Quiz Creation
Community
Videos
Private Events
Remove Ads
Sign In
Join for FREE
Feedback
Dark Mode
Quiz Categories
Sports
Geography
Music
Movies
Television
Just For Fun
Miscellaneous
History
Literature
Language
Science
Gaming
Entertainment
Religion
Holiday
For Kids
Quiz Lab
Recent
Popular Today
Quiz Kudos Today
Editor Picks
Curator Picks
Quizzes by...
Day
Popularity
Type
Ratings
Length
Year
Community
Subscriptions
Recent Discussions
Orange Saloon
Badges
Playlists
Quests
Create
Leaderboards
Showdown
Live 5
Trivia Bingo
Activity
Puzzle Library
Sporcle Events
Private Events
Virtual Trivia
Globe League
Become a Host
Pub Owners
SporcleCon
Opinionation
Our Games
Videos
Blog
Mobile Apps
Partnerships
Remove Ads and Go Orange
Feedback
History
US Presidents
World Leaders
Politics
Nation
Discovery
War
Decade
Year
Century
Biography
Art
History
US Presidents
World Leaders
Politics
Nation
Discovery
War
Decade
Year
Century
Biography
Art
Random Quiz
Search Sporcle
×
Quiz Lab
Quiz Lab
History
Clickable
Select answers by clicking on text or image buttons
Select answers by clicking on text or image buttons
Clickable
Best Score? Go Orange.
MLK's I Have a Dream Speech Stats
Pick the words missing from Martin Luther King's 1963 'I Have a Dream' speech.
By
jar514
10m
57 Questions
197 Plays
197 Plays
197 Plays
Comments
Comments
Give Quiz Kudos
Give Quiz Kudos
-
- Ratings
hide this ad
Forced Order
Answers have to be entered in order
Answers have to be entered in order
Replay
Link that replays current quiz
Next Quiz
Link to next quiz in quiz playlist
You Got
0%
They Got
Avg Score
40%
Avg Friend Score
Upgrade to see
Score Distribution
Jump to the score distribution portion of the page
Score
0/57
Timer
10:00
0
Plays Today
% Correct
Emancipation
82.7%
Beacon
67%
Demonstration
64.5%
Architects
62.9%
Color
59.9%
Unalienable
54.8%
Bitterness
52.8%
Joyous
50.8%
Prosperity
49.7%
Equal
49.7%
Segregation
48.7%
Injustice
48.7%
Rights
48.7%
American
47.7%
Hallowed
46.7%
Bound
46.2%
Victim
46.2%
Today
46.2%
Dramatize
45.2%
Character
44.7%
Wallow
44.2%
Oasis
44.2%
Tribulations
43.1%
Justice
42.6%
Brotherhood
41.6%
Languished
40.6%
Urgency
40.6%
Pledge
39.6%
Tranquility
39.1%
% Correct
Join
38.6%
Gradualism
38.1%
Ghetto
38.1%
Dignity
37.6%
Destiny
37.6%
Majestic
37.1%
Liberty
35.5%
Ring
35%
Freedom
34.5%
Colorado
34.5%
Palace
34%
Obligation
33.5%
Valley
33%
Quest
32.5%
Hope
32.5%
Discontent
32%
Struggle
28.9%
Redemptive
28.4%
Glory
28.4%
Pennsylvania
27.9%
Mississippi
27.9%
California
27.4%
Whirlwinds
25.9%
Nullification
24.4%
Symphony
23.4%
Tennessee
23.4%
Georgia
21.3%
Righteousness
18.8%
Quiz Playlist
Details
Report
Send in Message
Add To Playlist
Clickable:
Select answers by clicking on text or image buttons
Forced Order:
Answers have to be entered in order
Quiz Source
Last Updated: Feb 16, 2017
Quiz Scoreboard
CHALLENGE
Sign Up to Join the Scoreboard
Show All
Scores
Hide
Comments
May contain spoilers
Recently Published
1-10 Letter E Words III
by El_Dandy
Language
2m
Street Fighter Characters
by Artimus82
Gaming
60s
College Basketball Coaching Resumes
by pancakes188
Sports
9m
More to Explore
Quiz From the Vault
Featured Blog Post
Where Did the Easter Bunny Come From?
hide this ad
You Might Also Like...
Tags
Clickable Quiz
Martin Luther King Jr.
speech
Today's Top Quizzes in History
Browse History
hide this ad
Today's Top Quizzes in Clickable
Browse Clickable
Top Contributed Quizzes in History
1
Popular People in 1991
2
Popular People in 1981
3
Popular People in 1951
4
Popular People in 1941
5
Popular People in 1986
6
Popular People in 1976
7
Popular People in 1921
8
5-to-1: 20th Century Images of War
9
I Am Born On March 28th
10
Popular People in 1946
Explore More
Trending Topics
Disney
Crossword
Kpop
Anime
NBA
Marvel
Harry Potter
The Office
Song
Soccer
Country
Pokémon
NFL
Puzzle
WWE
hide this ad
More By:
jar514
Quiz
Plays
Rating
Category
Featured
Created
Actor-Character Mix
127,180
4.46
Movies
Jan 16, 2015
Band by Greatest Hits Album Cover
101,638
4.48
Music
Feb 24, 2015
Which Happened First? (WWII)
84,078
4.45
History
Sep 16, 2014
Multiple Choice Company Slogans
77,998
4.12
Miscellaneous
Sep 28, 2016
Countries by Logo
57,487
4.72
Miscellaneous
Dec 19, 2016
Go to Creator's Profile
Score Distribution
Quiz Creator Spotlight
jar514
Follow
Send a Message
Quizzes Created
-
Created Quiz Play Count
-
More By This Creator
Popular Quizzes Today
1
Find the US States - No Outlines Minefield
2
Find the Countries of Europe - No Outlines Minefield
3
The Countries of the World
4
Find the US States
5
Risky Map Clicking: Biggest States A-Z
6
US States
7
Popular People in 1961
8
Movies - When Are They Set?
More History Quizzes
Famous Figures Photographed by Nadar
Editor's Pick
Trending Quizzes
Risky Map Clicking: Least Populous States A-Z
1-10 Letter G Words
1-10 Letter F Words
Countries of the World: 200 Million BC
Risky Map Clicking: Next State Alphabetically
Recently Updated
Rides in Walt Disney World
pecheneg
Most Oscar Losses (Acting)
pecheneg
Beyoncé Albums
pecheneg
Leaping Animals
pecheneg
Reality TV Shows (A-Z)
bhenderson79
Rickey Henderson's Hall of Fame Teammates
pecheneg
Champions League XIs: Arsenal
pecheneg
Quick Pick: Celebrities in WWE's Hall of Fame
aduchscher
A-Z Keypad Blitz II
pecheneg
Multiple Oscar Actors
pecheneg
Trending Topics
Marvel
Disney
Anime
Kpop
Harry Potter
NBA
Crossword
NFL
The Office
Country
Song
Puzzle
WWE
Soccer
Pokémon
Your Account Isn't Verified!
In order to create a playlist on Sporcle, you need to verify the email address you used during registration. Go to your
Sporcle Settings
to finish the process.
Report this User
Report this user for behavior that violates our
Community Guidelines
.
Details:
Send Report
Go to the Sporcle.com Mobile Site →
Comments